Pokémon - Les attaques de Muciole - Statistiques

Statistiques générales
  • Ce quiz a été pris 13 fois
  • Le résultat moyen est 11 sur 16
Statistiques - réponses
Niveaux Types Noms des attaques % Correct
Niveau 40 Insecte Bourdon
100%
Niveau 43 Fée Câlinerie
100%
Départ Normal Charge
100%
Niveau 8 Spectre Onde Folie
100%
Niveau 47 Normal Damoclès
83%
Niveau 22 Insecte Lumiqueue
83%
Niveau 19 Fée Rayon Lune
83%
Niveau 15 Insecte Survinsecte
83%
Niveau 50 Insecte Harcèlement
67%
Niveau 26 Insecte Rayon Signal
67%
Niveau 12 Normal Vive-Attaque
67%
Niveau 29 Normal Abri
50%
Niveau 33 Psy Psykoud'Boul
50%
Niveau 5 Normal Reflet
50%
Niveau 36 Normal Coup d'Main
0%
Départ Normal Flash
0%
Aucun quiz correspondant
Distribution des résultats
% des personnes avec chaque résultat
Percentile par nombre de réponses
Votre historique - résultats
Vous n’avez pas pris ce quiz